00391pab a2200121 454500008004000000100003000040245012700070260000900197300001500206362001200221650002300233773001300256180718b1979 xxu||||| |||| 00| 0 eng d aMohapatra, Manindra Kumar aOverseas Indians in urban America: A study of their attitudes and experiences involving discrimination in American society c1979 ap.120-141. aJan-Mar aIndians in America aNagarlok